01414nam a2200337Ia 4500001001200000003000800012006001900020007001500039008004100054010001700095020001800112040002100130035002100151050002700172100002900199245014200228246005300370260003900423300001800462500002000480533015200500650006000652650007000712650005100782650002200833655002900855700003200884710001700916856012600933999001701059ebr10296353CaPaEBRm u cr cn|||||||||070813s2007 inu s 001 0 eng d z 2007033354 z9780470135921 aCaPaEBRcCaPaEBR a(OCoLC)60862385214aQA76.9.A25bK79 2007eb1 aKrutz, Ronald L.,d1938-14aThe CEH prep guideh[electronic resource] :bthe comprehensive guide to certified ethical hacking /cRonald L. Krutz, Russell Dean Vines.30aComprehensive guide to certified ethical hacking aIndianapolis, IN :bWiley,cc2007. axviii, 738 p. aIncludes index. aElectronic reproduction.bPalo Alto, Calif. :cebrary,d2009.nAvailable via World Wide Web.nAccess may be limited to ebrary affiliated libraries. 0aComputer securityxTestingxExaminationsvStudy guides. 0aComputer networksxSecurity measuresxExaminationsvStudy guides. 0aComputer networksxExaminationsvStudy guides. 0aComputer hackers. 7aElectronic books.2local1 aVines, Russell Dean,d1952-2 aebrary, Inc.40uhttp://site.ebrary.com/lib/rucke/Doc?id=10296353zAn electronic book accessible through the World Wide Web; click to view c77313d77313